000
00237nam a2200097Ia 4500
005
20251222113742.0
008
251222s1900||||xx |||||||||||||| ||spa||
082
_a
DVD0070/A38/2000
245
0
_a
Canciones de libertad:Freedom Song
942
_c
DVD
999
_c
632
_d
632